Los mayas /

En la cúspide de su gloria, la antigua y misteriosa civilización maya gobernó un territorio de más de 300.000 kilómetros cuadrados en lo que hoy día es Guatemala, México, honduras, el Salvador y Belice. Lo que empezó como una modesta población de grupos de cazadores, creció hasta convertirse en más...

Descripción completa

Guardado en:
Autor Principal: Cassel, Christopher
Autor Corporativo: History Channel.
Formato: Deslizar
Publicado: Estados Unidos, 2006.
Series:La construcción de un imperio - Capítulo 7
DVD 1
Materias:
Etiquetas: Agregar Etiqueta
Sin Etiquetas, Sea el primero en etiquetar este registro!
LEADER 01775ngm a22003255g 4500
001 CEM.cems023540
008 130507s2006##################0###0#####d
005 20250604145304.0
245 1 0 |a Los mayas /  |c Christopher Cassel. 
260 |a Estados Unidos,  |c 2006. 
300 |a 44'. 
490 0 |a La construcción de un imperio - Capítulo 7 
490 1 |a DVD 1 
520 |a En la cúspide de su gloria, la antigua y misteriosa civilización maya gobernó un territorio de más de 300.000 kilómetros cuadrados en lo que hoy día es Guatemala, México, honduras, el Salvador y Belice. Lo que empezó como una modesta población de grupos de cazadores, creció hasta convertirse en más de cuarenta florecientes ciudades-estado, construidas en las selvas exuberantes y gobernadas por una dinastía de poderosos reyes. En un extraordinario despliegue de creatividad, desde el año 250 d.C. hasta el 900 d.C., sin el uso del metal, sin animales de carga y sin tan siquiera la rueda, los mayas construyeron altísimas pirámides-templo, palacios ornamentales y avanzados sistemas hidráulicos, todo para apaciguar a los dioses y mantener a su cada vez más numerosa población. 
538 |a Soporte: DVD - Color: Si - Grabación DRD. 
500 |a Consultar en ventanilla. 
100 1 |a Cassel, Christopher 
710 2 |a History Channel. 
082 9 0 |/ CAS-1 
653 |a HISTORIA 
653 |a HISTORIA UNIVERSAL 
653 |a HISTORIA DE LAS CIVILIZACIONES 
653 |a HISTORIA ANTIGUA 
653 |a LA CONSTRUCCION DE UN IMPERIO 
653 |a HISTORIA AMERICANA 
653 |a CULTURAS PRECOLOMBINAS 
653 |a MAYAS 
653 |a PROGRAMA DE TELEVISIÓN 
653 |a DOCUMENTAL 
859 |a CEMS  |b BIB. CEMS - Depto. Recursos Didacticos  |h 909  |i CAS-1  |k DRD  |p 2183.15  |t Ej.1